000 00590nam a2200229 a 4500
001 0001-1411
003 ELIB.Books
008 160805 2010 eng
020 _aKBTS
035 _a(ELIB.Books)0001-1566
092 _a306.874
_bMor
100 _aMorgan, Ruth Langdon.
245 _aThoughts to Share with a Wonderful Father
260 _aColorado
_bSPS Studios, Inc.
_c1999
300 _c17 Cm
650 _aFathers-Literary Collections
856 _nKBTS Library
_uKBTS: ELIB
942 _2ddc
_cBK
990 _a1
998 _cbat
_e2016-08-05
999 _c11411
_d11411